L'enjeu de l'égalite hommes-femmes au prisme de l'élargissement à l'est de l'UE (notice n° 1631046)

détails MARC
000 -LEADER
fixed length control field 01428cam a2200157 4500500
005 - DATE AND TIME OF LATEST TRANSACTION
control field 20260111104701.0
041 ## - LANGUAGE CODE
Language code of text/sound track or separate title fre
042 ## - AUTHENTICATION CODE
Authentication code dc
100 10 - MAIN ENTRY--PERSONAL NAME
Personal name Forest, Maxime
Relator term author
245 00 - TITLE STATEMENT
Title L'enjeu de l'égalite hommes-femmes au prisme de l'élargissement à l'est de l'UE
260 ## - PUBLICATION, DISTRIBUTION, ETC.
Date of publication, distribution, etc. 2006.<br/>
500 ## - GENERAL NOTE
General note 83
520 ## - SUMMARY, ETC.
Summary, etc. Cet article envisage l’impact des différents mécanismes – législatifs, institutionnels, cognitifs – que recouvrent les processus d’européanisation, sous l’angle de l’évolution des politiques d’égalité dans les nouveaux Etats membres d’Europe centrale. Dans un premier temps, il rappelle le caractère « path-dependent » des politiques publiques du genre, qui s’illustre au travers des solutions institutionnelles différenciées privilégiées lors de l’adaptation au cadre communautaire. Puis il propose de déplacer le regard vers les pratiques des acteurs qui investissent la structure d’opportunité façonnée par le contexte de l’adhésion au niveau domestique. Se focalisant sur le rôle des organisations de femmes, il met en évidence une convergence dans les répertoires de l’action collective, ainsi que son inscription dans un contexte multi-niveaux.
786 0# - DATA SOURCE ENTRY
Note Politique européenne | 20 | 3 | 2006-12-01 | p. 101-119 | 1623-6297
856 41 - ELECTRONIC LOCATION AND ACCESS
Uniform Resource Identifier <a href="https://shs.cairn.info/revue-politique-europeenne-2006-3-page-101?lang=fr&redirect-ssocas=7080">https://shs.cairn.info/revue-politique-europeenne-2006-3-page-101?lang=fr&redirect-ssocas=7080</a>

Pas d'exemplaire disponible.

PLUDOC

PLUDOC est la plateforme unique et centralisée de gestion des bibliothèques physiques et numériques de Guinée administré par le CEDUST. Elle est la plus grande base de données de ressources documentaires pour les Étudiants, Enseignants chercheurs et Chercheurs de Guinée.

Adresse

627 919 101/664 919 101

25 boulevard du commerce
Kaloum, Conakry, Guinée

Réseaux sociaux

Powered by Netsen Group @ 2025